00724nam a22002057a 4500999001900000005001700019010001500036020002600051035001400077037001300091082000800104245009100112260003600203270005500239300002000294500004300314700001800357942002200375952012100397 c157925d15792520181010154803.0 aENG-124228 a9789385755958c499.00 aEN-107760 bDBAD/PUB a954 aIndia dissents:ced. by Ashok Vajpeyib3000 years of difference, doubt and argumnent / aNew DelhibSpeaking Tigerc2017 a4381/4, Ansari Road, Daryaganj,bNew Delhie110002 a546p.c22cm(Hb) aIt includes copyright acknowledgements aAshok Vajpeyi 2ddccENh954mIND 001040718NFICaDBADbBL1d2018-10-10eDBAD/PUBg499.00l0o954 INDpEN-107760r2018-10-10 00:00:00t1v499.00yEN